000 00385nam a22001697a 4500
005 20180613172402.0
008 160623b xxu||||| |||| 00| 0 eng d
020 _a81-203-2894-9
041 _aeng
082 _b9078
_a657.42
100 _aBanerjee, Bhabatosh
_92271
245 _aCost Accounting
260 _bPHI
_c2006
300 _a919
650 _aManagement
_9241
942 _cBK
999 _c3642
_d3641